Loading...
| Current Events | 0 | 5 | 0 | 1 | 50 | 65 | 80.00 | 0 | 0 | 0.00 | 0.00 |
| History - American | 0 | 4 | 0 | 3 | 40 | 49 | 79.25 | 1 | 1 | 0.00 | 0.00 |
| Literature - American | 0 | 3 | 0 | 0 | 30 | 83 | 110.33 | 0 | 1 | 0.00 | 0.00 |
| History - World | 0 | 3 | 0 | 1 | 30 | 89 | 102.00 | 0 | 0 | 0.00 | 0.00 |
| Popular Culture | 0 | 3 | 0 | 0 | 30 | 48 | 61.67 | 0 | 1 | 0.00 | 0.00 |
| Fine Arts - Painting and Sculpture | 0 | 3 | 0 | 1 | 30 | 117 | 119.67 | 0 | 0 | 0.00 | 0.00 |
| Literature - World | 0 | 2 | 0 | 0 | 20 | 98 | 105.50 | 0 | 0 | 0.00 | 0.00 |
| Religion | 0 | 2 | 0 | 2 | 20 | 89 | 101.50 | 0 | 0 | 0.00 | 0.00 |
| Science - Other | 0 | 1 | 0 | 0 | 10 | 93 | 93.00 | 0 | 0 | 0.00 | 0.00 |
| Fine Arts - Other | 0 | 2 | 2 | 1 | 10 | 96 | 104.00 | 0 | 0 | 0.00 | 0.00 |
| History - European | 0 | 1 | 0 | 0 | 10 | 58 | 58.00 | 0 | 1 | 0.00 | 0.00 |
| History - Other | 0 | 1 | 0 | 0 | 10 | 102 | 102.00 | 0 | 0 | 0.00 | 0.00 |
| Literature - British | 0 | 1 | 0 | 0 | 10 | 112 | 112.00 | 0 | 0 | 0.00 | 0.00 |
| Literature - European | 0 | 1 | 0 | 0 | 10 | 108 | 108.00 | 0 | 1 | 0.00 | 0.00 |
| Mythology | 0 | 1 | 0 | 0 | 10 | 115 | 115.00 | 0 | 0 | 0.00 | 0.00 |
| Philosophy | 0 | 0 | 0 | 0 | 0 | 0.00 | 0 | 0 | 0.00 | 0.00 | |
| Science - Chemistry | 0 | 0 | 1 | 0 | -5 | 0.00 | 0 | 0 | 0.00 | 0.00 |